000 00821nam a2200205 a 4500
001 76257
003 BD-RjUL
005 20211209082821.0
008 191118r20141970bg a b 001 0 eng d
035 _a(BD-RjUL)76478
040 _aBD-RjUL
_cBD-RjUL
_beng
082 _223
_a954.92
_bAHP 2014
100 _aআহ্‌মদ, কামরুদ্দীন
_9229401
245 1 0 _aপূর্ব বাংলার সমাজ ও রাজনীতি /
_cকামরুদ্দীন আহ্‌মদ
260 _aঢাকা :
_bমাওলা ব্রাদার্স,
_c১৯৭০ [মুদ্রণ ]২০১৪
300 _a১৮২ পৃ. ;
_c২১ সেমি.
650 _aবাংলাদেশ
_xইতিহাস
_9235026
651 _aBangladesh
_xHistory
_9229402
942 _2ddc
_cBK
999 _c76257
_d76257